Museo de arte de Sao Paulo
Salvato in:
| Autore principale: | |
|---|---|
| Natura: | Libro |
| Lingua: | spagnolo |
| Pubblicazione: |
Madrid
Codex
1967
|
| Serie: | <El >Mundo de los Museos
|
| Soggetti: | |
| Tags: |
Aggiungi Tag
Nessun Tag, puoi essere il primo ad aggiungerne!!
|
MARC
| LEADER | 00000nam a2200000 a 4500 | ||
|---|---|---|---|
| 001 | UCZ3674 | ||
| 003 | CL-VaPUC | ||
| 008 | 951027e19670000SP |||||||||||||||||spa|d | ||
| 082 | 0 | 4 | |a 708.98161 |b BAR |2 21 |
| 100 | |a Bardi, Pietro Maria |e author |9 347489 | ||
| 245 | 1 | 0 | |a Museo de arte de Sao Paulo |
| 300 | |a 86 p | ||
| 942 | |c BK | ||
| 945 | |d 19951027 00:00:00 |a rleighto | ||
| 260 | |a Madrid |b Codex |c 1967 | ||
| 650 | 0 | |a Museos de arte |9 265235 | |
| 650 | 0 | |a Bellas artes |9 334299 | |
| 650 | 7 | |a EXPOSICIONES CULTURALES |2 CL-VaPUC |9 347490 | |
| 650 | 0 | |a Cultura |9 269059 | |
| 650 | 0 | |a Artes decorativas |9 266306 | |
| 651 | 7 | |a SAO PAULO |2 CL-VaPUC |9 347491 | |
| 651 | 0 | |a Brasil |9 267393 | |
| 583 | |a last modification |c 19951027 00:00:00 |k Rodrigo Vera | ||
| 490 | 0 | |a <El >Mundo de los Museos | |
| 999 | |c 240124 |d 240122 | ||
| 952 | |0 0 |1 0 |4 0 |6 708_981610000000000_BAR_1967 |7 0 |8 A |9 251756 |a BIBARQ |b BIBARQ |d 2019-11-18 |i 3145522 |o 708.98161 BAR 1967 |p 3145522 |r 2025-01-20 |w 2019-11-18 |y BK |k ARQ | ||